000 00365nam a2200145Ia 4500
008 230917s9999||||xx |||||||||||||| ||und||
040 _e246746
_aMAIN
041 _aEnglish
082 _a658.514 H264L
100 _aHarvard Business School
245 0 _aLeveraging technology
260 _aBoston
_bHarvard Business Press
_c2010
300 _a97 p.
942 _cBK
999 _c172700
_d172700